banner-ar

نهر النيل : (Record no. 61268)

MARC details
000 -الفاتح
حقل البيانات ثابتة الطول 01344nam a22002897a 4500
005 - وقت وتاريخ اخر تعامل مع التسجيلة
رقم الضبط 20240530110452.0
008 - عناصر البيانات ثابتة الطول - معلومات عامة
حقل البيانات ثابتة الطول 150406s2010 ua f b 001 0 eng d
017 ## - رقم الايداع القانونى
رقم الايداع القانونى 2010/9557
المصدر ( الهيئة المختصة) مصر . دار الكتب المصرية
020 ## - الرقم الدولى المعيارى للكتب
الرقم الدولى المعيارى للكتاب 9789777040686
040 ## - مصدر الفهرسة
وكالة الفهرسة الأصلية EG-CaGPL
082 04 - رقم تصنيف ديوى العشرى
رقم الطبعة 21
رقم التصنيف 333.91
رقم المادة ق/هـ ن
245 00 - بيان العنوان
العنوان نهر النيل :
بقية العنوان مشاركة فى مورد نادر عرض تاريخى و فنى لادراة المياه و لقضايا اقتصادية و قانونية /
بيان المسئوليه,etc تحرير بى . بى هاويل ، جى .ا. الان ؛ ترجمة و تقديم توفيق على منصور
250 ## - بيان الطبعة
بيان الطبعة ط1
260 ## - PUBLICATION, DISTRIBUTION, ETC. (IMPRINT)
تاريخ النشر أو التوزيع 2010.
300 ## - الوصف المادى
التعداد 685 ص ؛
أبعاد الوعاء 24 سم.
490 ## - بيان السلسلة
عنوان السلسلة المشروع القومى للترجمة ؛
رقم المجلد/ التعيين التسلسلي 1468
504 ## - تبصرة ببليوجرافية
تبصرة ببليوجرافية,الخ يشتمل على ارجاعات ببليوجرافية و فهرس
650 04 - المدخل الاضافى بالموضوع-مصطلح موضوعى
مصطلح موضوعي نهر النيل
650 04 - المدخل الاضافى بالموضوع-مصطلح موضوعى
مصطلح موضوعي نهر النيل
التقسيم الفرعي العام الجسور
650 04 - المدخل الاضافى بالموضوع-مصطلح موضوعى
مصطلح موضوعي نهر النيل
التقسيم الفرعي العام القوى المائية
650 04 - المدخل الاضافى بالموضوع-مصطلح موضوعى
مصطلح موضوعي نهر النيل
التقسيم الفرعي العام الملاحة
700 1# - المدخل الاضافى - اسم شخصى
الإسم الشخصى هاويل ، بى . بى
الدور محرر
700 1# - المدخل الاضافى - اسم شخصى
الإسم الشخصى الان ، جى .ا.
الدور محرر مشارك
700 0# - المدخل الاضافى - اسم شخصى
الإسم الشخصى توفيق على منصور
الدور مترجم و مقدم
942 ## - عناصر المدخل الإضافي( كوها)
مصدر التصنيف او مخطط الترفيف Dewey Decimal Classification
Koha [default] item type كتاب
260 ## - PUBLICATION, DISTRIBUTION, ETC. (IMPRINT)
-- القاهرة :
-- المركز القومى للترجمة ،
Holdings
حالة التراجع حالة الفقد حالة تلف ليس للاعارة المكان المؤقت الموقع الحالى تاريخ الاكتساب اجمالي اﻻعارات رقم الطلب الباركود تاريخ اخر مشاهدة تاريخ تفعيل السعر نوع وعاء كوها
        مكتبة القاهرة الكبرى مكتبة القاهرة الكبرى 05/14/2015   333.91 ق/هـ ن 160523 10/05/2022 05/14/2015 كتاب

Powered By

EGPV